Responses for Show #5232 - Tuesday, May 15, 2007

Andrew Rostan game 4.

Contestants

[<< previous game]

Bill Wilson, a business manager from Clifton Park, New York

Carol Gerber, a legal technology manager from Red Bank, New Jersey

Andrew Rostan, a student originally from Boardman, Ohio (whose 3-day cash winnings total $81,900)

[next game >>]

Jeopardy! Round responses

GETTING AROUND THE CITY
BROADWAY MUSICALS BY CHARACTERS
CHOP-A-HOLICS
RELIGIOUS MATTERS
YOUR DAYS ARE NUMBERED
TIME IS "SHORT"
    $200 23
Rio de Janeiro

Carol
    $200 1
Fiddler on the Roof

Bill
    $200 7
George Washington

Andrew
    $200 11
Hindu

Andrew
    $200 6
(Bill: What is six?)

four

CarolBill
    $200 17
Short Line

Bill
    $400 24
Milan

Carol
    $400 2
Les Miserables

Carol
    $400 8
(Carol: What is hatchet?)

tomahawk

CarolBill
    $400 22
the Jesuits

Carol
    $400 13
1961

Carol
    $400 18
shortstop

Bill
    $600 25
Boston, Massachusetts

Andrew
    $600 3
Beauty and the Beast

Bill
    $600 9
Paul Bunyan

Carol
    $600 28
the Wailing Wall (or Western Wall)

Carol
    $600 14
"Eight Days A Week"

Andrew
    $600 19
a short form

Carol
    $800 26
(Bill: What is Glasgow?)

Edinburgh

CarolBill
    $800 4
Cats

Bill
    $800 10
Lizzie Borden

Carol
    $800 29
John Knox

Andrew
    $1,500 15
(Andrew: What is Thursday?)

Tuesday

Andrew
    $800 20
shortening

Carol
    $1000 27
Toronto

Carol
    $1000 5
Hairspray

Andrew
    $1000 12
machete

Andrew
    $1000 30
the Blue Mosque

Triple Stumper
    $1000 16
December 30, 2006

Andrew
    $1000 21
shorthand

Carol

Scores at the first commercial break (after clue 15):

Andrew Carol Bill
$1,500 $2,000 $1,800

Scores at the end of the Jeopardy! Round:

Andrew Carol Bill
$3,900 $7,800 $1,600

Double Jeopardy! Round responses

19th CENTURY PEOPLE
OSCAR NOMINEES
SEALS
CHINA PATTERNS
NOVELIST RHYME TIME
BEFORE & AFTER
    $400 6
(Andrew: Who is Lincoln?)
(Bill: Who is George Washington?)
...
(Alex: [*], yes.)

(Jefferson) Davis

AndrewCarolBill
    $400 1
Joaquin Phoenix

Bill
    $400 21
blubber

Carol
    $400 25
ping pong

Bill
    $400 11
Scott's plots

Carol
    $400 16
Andre the Giant Squid

Andrew
    $800 7
(George) Pullman

Bill
    $800 2
The Killing Fields

Carol
    $800 22
harp

Bill
    $800 26
Ming

Andrew
    $800 12
Clive's hives

Bill
    $800 17
Soylent Green Party

Andrew
    $1200 8
Nicholas

Andrew
    $1200 3
"9 To 5"

Carol
    $1200 23
elephant seal

Bill
    $1200 27
The Little Red Book

Carol
    $1200 13
Tan's fans

Andrew
    $1200 18
Beavis & Butthead of the Class

Bill
    $4,000 9
the Republic of Texas

Andrew
    $1600 4
Ellen Burstyn

Andrew
    $1600 24
pinniped

Carol
    $1600 28
the Silk Road

Andrew
    $1600 14
Stoker's jokers

Andrew
    $1600 19
A Midsummer Night's Dream Police

Andrew
    $2000 10
(Carol: Who is O. Henry?)

Bret Harte

AndrewCarol
    $2000 5
Louis Malle

Bill
    $3,000 30
(Bill: What are tusks?)
...
(Alex: No, they have [*]. That's the difference between sea lions and regular seals.)

ears

Bill
    $2000 29
(Carol: What is 1947?)
(Andrew: What is 1948?)

1949

AndrewCarolBill
    $2000 15
Jong's songs

Andrew
    $2000 20
(Carol: What is Animal House of Congress?)

Animal House of Representatives

AndrewCarol

Scores at the end of the Double Jeopardy! Round:

Andrew Carol Bill
$22,300 $7,800 $7,800
(lock game)

[wagering suggestions for these scores]

Final Jeopardy! Round responses

TRAVEL EUROPE
[The piano player aboard the Orient Express plays the "Think!" music.]
(Piano player: Players, you have 30 seconds. Good luck.)
...
(Alex: How about that? A lounge pianist on the Orient Express.)
CarolWhat are Italy, Switzerland and Germany?
$7,500
BillWhat Happy Birthday Lauren
$7,000
AndrewWhat are Germany, Austria, and Hungary?
$2,700
(3 of) Switzerland, Austria, Hungary, Romania & Bulgaria

Final scores:

Andrew Carol Bill
$19,600 $300 $800
4-day champion: $101,500 3rd place: $1,000 2nd place: $2,000

Game dynamics:

Coryat scores:

Andrew Carol Bill
$21,400 $7,800 $10,800
21 R
(including 1 DD),
3 W
(including 1 DD)
21 R,
4 W
15 R,
4 W
(including 1 DD)

Combined Coryat: $40,000

[game clues] [game scores] [suggest correction]

Game tape date: 2007-02-07
The J! Archive is created by fans, for fans. Scraping, republication, monetization, and malicious use prohibited; this site may use cookies and collect identifying information. See terms. The Jeopardy! game show and all elements thereof, including but not limited to copyright and trademark thereto, are the property of Jeopardy Productions, Inc. and are protected under law. This website is not affiliated with, sponsored by, or operated by Jeopardy Productions, Inc. Join the discussion at JBoard.tv.